| 000 | 01560cam a2200361 a 4500 | ||
|---|---|---|---|
| 999 |
_c529676 _d529676 |
||
| 001 | 2582464 | ||
| 003 | NUST | ||
| 005 | 20191001115942.0 | ||
| 008 | 960930s1996 dcu b 000 0 eng | ||
| 010 | _a 96060661 | ||
| 020 | _a030906001X | ||
| 038 | _aMSOHAIL | ||
| 040 |
_aDLC _cDLC _dDLC |
||
| 043 | _an-us--- | ||
| 050 | 0 | 0 |
_aTE192 _b.R46 1996 |
| 082 | 0 | 0 |
_a388.1072073 _221 |
| 100 | 1 |
_aReilly, Eugene F. _922145 |
|
| 245 | 1 | 0 |
_aManaging contract research programs / _cEugene F. Reilly. |
| 260 |
_aWashington, D.C. : _bNational Academy Press, _c1996. |
||
| 300 |
_a92 p. ; _c28 cm. |
||
| 440 | 0 |
_aSyntheseis of highway practice, _x0547-5570 ; _v231 _922146 |
|
| 500 | _a"Transportation Research Board, National Research Council." | ||
| 500 | _a"Research sponsored by the American Association of State Highway and Transportation Officials in cooperation with the Federal Highway Administration." | ||
| 504 | _aIncludes bibliographical references (p. 38). | ||
| 650 | 0 |
_aHighway research _zUnited States _xManagement. _922147 |
|
| 650 | 0 |
_aResearch and development contracts _zUnited States _xManagement. _922148 |
|
| 710 | 2 |
_aNational Research Council (U.S.). _bTransportation Research Board. _919676 |
|
| 710 | 2 |
_aAmerican Association of State Highway and Transportation Officials. _919553 |
|
| 710 | 1 |
_aUnited States. _bFederal Highway Administration. _920149 |
|
| 906 |
_a7 _bcbu _corignew _d2 _eopcn _f19 _gy-gencatlg |
||
| 942 |
_2ddc _cBK |
||